000 00549nam a2200205Ia 4500
005 20250923150038.0
008 008 250917s9999 xx 000 0 eng d
037 _aTextual
040 _aDSWL
_beng
_cDSWL
041 _aeng
_2eng
084 _aW:5x2, Poo
_qDSWL
100 _aBegum, S.Meharty
_9841619
245 0 _aHuman rights in India
_c by S.Meharty Begum
260 _aNew Delhi
_bAPH Pub Corp
_c2000
300 _a328p.
365 _aINR
_b600
925 _g600
942 _cTEXL
_hW:5x2, Poo
999 _c1458919
_d1458919